|
|
|
|
| LEADER |
01197nam a22003254a 4500 |
| 001 |
41468 |
| 003 |
BD-DhAAL |
| 005 |
20231010100139.0 |
| 008 |
231009t2007 ne a b 000 0 eng d |
| 010 |
|
|
|a 2006041256
|
| 020 |
|
|
|a 9780444521187 (pbk.)
|
| 020 |
|
|
|a 0444521186 (pbk.)
|
| 040 |
|
|
|a DLC
|c DLC
|d DLC
|d BD-DhAAL
|
| 042 |
|
|
|a pcc
|
| 050 |
0 |
0 |
|a T11
|b .Y684 2007
|
| 082 |
0 |
0 |
|a 808.0666
|2 22
|
| 100 |
1 |
|
|a Young, Petey.
|9 55680
|
| 245 |
1 |
0 |
|a Writing and presenting in English :
|b the Rosetta Stone of science /
|c Petey Young.
|
| 250 |
|
|
|a First edition.
|
| 260 |
|
|
|a Amsterdam :
|a Boston :
|b Elsevier,
|c 2007.
|
| 300 |
|
|
|a vii, 116 pages :
|b illustrations ;
|c 23 cm.
|
| 504 |
|
|
|a Includes bibliographical references.
|
| 541 |
|
|
|a Complimentary copy
|e 41468
|
| 650 |
|
0 |
|a Technical writing.
|
| 650 |
|
0 |
|a Communication of technical information.
|
| 650 |
|
0 |
|a English language
|v Textbooks for foreign speakers.
|
| 852 |
|
|
|a Ayesha Abed Library
|c General Stacks
|
| 942 |
|
|
|2 ddc
|c BK
|
| 999 |
|
|
|c 46217
|d 46217
|
| 952 |
|
|
|0 0
|1 0
|2 ddc
|4 0
|6 808_066600000000000_YOU
|7 0
|9 74546
|a BRACUL
|b BRACUL
|c GEN
|d 2023-10-10
|e Complimentary copy
|l 2
|m 1
|o 808.0666 YOU
|p 3010041468
|r 2025-10-14
|s 2025-10-07
|t 1
|w 2023-10-10
|y BK
|